000 00252nam a2200109Ia 4500
008 190216s9999||||xx |||||||||||||| ||und||
100 _aKerala University
245 0 _aGadya Kairali
260 _bDeline Publications
650 _aLekhanam
942 _cBK
999 _c25784
_d25784